|
|
|
|
| LEADER |
00000cam a22000002c 4500 |
| 001 |
1840061782 |
| 003 |
DE-627 |
| 005 |
20250708101034.0 |
| 007 |
cr uuu---uuuuu |
| 008 |
230324s2003 xx |||||o 00| ||eng c |
| 024 |
7 |
|
|a 10.3886/ICPSR03714.v1
|2 doi
|
| 035 |
|
|
|a (DE-627)1840061782
|
| 035 |
|
|
|a (DE-599)KXP1840061782
|
| 040 |
|
|
|a DE-627
|b ger
|c DE-627
|e rda
|
| 041 |
|
|
|a eng
|
| 084 |
|
|
|a 2,1
|2 ssgn
|
| 100 |
1 |
|
|a Belenko, Steven
|e VerfasserIn
|4 aut
|
| 109 |
|
|
|a Belenko, Steven
|a Belenko, Steven R.
|
| 245 |
1 |
0 |
|a Trends in Substance Abuse and Treatment Needs Among Inmates in the United States, 1996-1997
|
| 264 |
|
1 |
|a [Erscheinungsort nicht ermittelbar]
|b [Verlag nicht ermittelbar]
|c 2003
|
| 336 |
|
|
|a Text
|b txt
|2 rdacontent
|
| 337 |
|
|
|a Computermedien
|b c
|2 rdamedia
|
| 338 |
|
|
|a Online-Ressource
|b cr
|2 rdacarrier
|
| 520 |
|
|
|a This data collection consists of the SPSS syntax used to recode existing variables and create new variables from the SURVEY OF INMATES OF LOCAL JAILS, 1996 [ICPSR 6858] and the SURVEY OF INMATES IN STATE AND FEDERAL CORRECTIONAL FACILITIES, 1997 [ICPSR 2598]. Using the data from these two national surveys on jail and prison inmates, this study sought to expand the analyses of these data in order to fully explore the relationship between type and intensity of substance abuse and other health and social problems, analyze access to treatment and services, and make estimates of the need for different types of treatment services in correctional systems.
|
| 540 |
|
|
|a ICPSR Terms of Use
|
| 650 |
|
4 |
|a Causes of crime
|
| 650 |
|
4 |
|a correctional facilities
|
| 650 |
|
4 |
|a drug laws
|
| 650 |
|
4 |
|a drug related crimes
|
| 650 |
|
4 |
|a Drugs
|
| 650 |
|
4 |
|a inmate populations
|
| 650 |
|
4 |
|a inmate programs
|
| 650 |
|
4 |
|a Inmates
|
| 650 |
|
4 |
|a Social Problems
|
| 650 |
|
4 |
|a Substance Abuse
|
| 650 |
|
4 |
|a Substance Abuse Treatment
|
| 655 |
|
7 |
|a Forschungsdaten
|0 (DE-588)1098579690
|0 (DE-627)857755366
|0 (DE-576)469182156
|2 gnd-content
|
| 787 |
0 |
8 |
|i Forschungsdaten zu
|a National Center on Addiction and Substance Abuse at Columbia University
|t Trends in Substance Abuse and Treatment Needs Among Inmates, Final Report
|d [Erscheinungsort nicht ermittelbar] : United States Department of Justice, National Institute of Justice, 2002
|w (DE-627)1912730189
|
| 787 |
0 |
8 |
|i Forschungsdaten zu
|a Kruttschnitt, Candace
|t Women's imprisonment
|d University of Chicago Press, 2003
|w (DE-627)1912751755
|
| 856 |
4 |
0 |
|u https://doi.org/10.3886/ICPSR03714.v1
|x Resolving-System
|z kostenfrei
|3 Volltext
|7 0
|
| 935 |
|
|
|a mkri
|
| 951 |
|
|
|a BO
|
| ELC |
|
|
|a 1
|
| LOK |
|
|
|0 000 xxxxxcx a22 zn 4500
|
| LOK |
|
|
|0 001 4296809423
|
| LOK |
|
|
|0 003 DE-627
|
| LOK |
|
|
|0 004 1840061782
|
| LOK |
|
|
|0 005 20230324125311
|
| LOK |
|
|
|0 008 230324||||||||||||||||ger|||||||
|
| LOK |
|
|
|0 035
|a (DE-2619)ICPSR3714
|
| LOK |
|
|
|0 040
|a DE-2619
|c DE-627
|d DE-2619
|
| LOK |
|
|
|0 092
|o n
|
| LOK |
|
|
|0 852
|a DE-2619
|
| LOK |
|
|
|0 852 1
|9 00
|
| LOK |
|
|
|0 935
|a foda
|a nacj
|
| LOK |
|
|
|0 939
|a 24-03-23
|b l01
|
| OAS |
|
|
|a 1
|
| ORI |
|
|
|a SA-MARC-krimdoka001.raw
|